000 00615cam a2200169 a 4500
001 000001475
005 20200929145605.0
008 711020s1966 njua b 001 0 eng
040 _aDO-SdBNP
_bspa
082 _a330.973
_bN864g
100 1 _aNorth, Douglass Cecil.
_q(Douglass Cecil North),
_d1920-
_94875
245 1 0 _aGrowth and welfare in the American past :
_ba new economic history /
_cDouglass C. North.
260 _aEnglewood Cliffs, New Jersey :
_bPrentice-Hall,
_c1966.
300 _axiv, 199 p. :
_bil. ;
_c21 cm.
504 _aBibliografía: p. 193-198.
651 0 _aUnited States
_xEconomic Conditions.
_94876
999 _c1383
_d1383